00245nam a2200097 a 4500008004100000050001500041100001700056245005300073250001200126350000900138120416s9999 xx |||||||||||||| || u aTS 305 Bod aBodsworth, C10aPhysical chemistry of iron and steel manufacture a2nd ed. a0.00